| 000 | 00486nam a2200181Ia 4500 | ||
|---|---|---|---|
| 001 | 13607 | ||
| 005 | 20260306164813.0 | ||
| 008 | 260306t2016||||xx |||||||||||||| ||spa|| | ||
| 041 | _aESP | ||
| 082 |
_a005.1 _bD31 |
||
| 100 |
_aDavis, Jennifer _eAUT |
||
| 245 | 0 |
_aEffective dev0ps: _bbuilding a culture of collaboration, affinity, and toolind at scale |
|
| 260 | _c2016 | ||
| 300 |
_axxvii, 378 páginas : _c23 cm. |
||
| 650 | _aGEN | ||
| 654 | _aCCC | ||
| 942 |
_cLIB _dJUS _fJUS _2ddc _n |
||
| 999 |
_c13607 _d13607 |
||